|
|
|
|
| LEADER |
01107nam a22003017a 4500 |
| 001 |
34640 |
| 003 |
BD-DhAAL |
| 005 |
20190509103444.0 |
| 008 |
190509r20172011ii a b 001 0 eng d |
| 999 |
|
|
|c 40730
|d 40730
|
| 020 |
|
|
|a 9788131516546
|
| 020 |
|
|
|a 8131516547
|
| 040 |
|
|
|a BD-DhAAL
|
| 050 |
0 |
0 |
|a QA297
|b .F35 1993
|
| 082 |
0 |
0 |
|a 519.4
|2 20
|
| 100 |
1 |
|
|a Burden, Richard L.
|9 31565
|
| 245 |
1 |
0 |
|a Numerical analysis /
|c Richard L. Burden ; J. Douglas Faires
|
| 250 |
|
|
|a Ninth edition
|
| 260 |
|
|
|a New Delhi :
|b Cengage Learning,
|c ©2011 [reprinted 2017]
|
| 300 |
|
|
|a xiv, 872 pages :
|b color illustrations ;
|c 26 cm.
|
| 504 |
|
|
|a Includes bibliographical references [763-772] and indexes.
|
| 526 |
|
|
|a MNS
|
| 541 |
|
|
|a Mullick & Brothers
|e 34640
|
| 650 |
|
0 |
|a Numerical analysis
|9 31566
|
| 700 |
1 |
|
|a Faires, J. Douglas.
|9 31567
|
| 852 |
|
|
|a Ayesha Abed Library
|c General Stacks
|
| 942 |
|
|
|2 ddc
|c BK
|
| 952 |
|
|
|0 0
|1 0
|2 ddc
|4 0
|6 519_400000000000000_BUR
|7 0
|9 65415
|a BRACUL
|b BRACUL
|c GEN
|d 2019-04-24
|e Mullick & Brothers
|g 840.00
|l 11
|m 123
|o 519.4 BUR
|p 3010034640
|r 2025-08-03
|s 2025-07-27
|t 1
|v 840.00
|w 2019-04-24
|y BK
|